| 000 | 00912nam a22002657a 4500 | ||
|---|---|---|---|
| 001 | 5848 | ||
| 003 | FISKH | ||
| 005 | 20250124133944.0 | ||
| 008 | 250124b cb ||||| |||| 00| 0 eng d | ||
| 020 | _a0590621718 | ||
| 040 |
_aFISKH _beng _cFISKH _dFISKH |
||
| 050 | _aHV8657.D68 | ||
| 082 | _a365.641 | ||
| 100 | _aDowswell, Paul | ||
| 245 |
_aTales of real escape / _cby Paul Dowswell : Designed by Mary Cartwright and Nigel Reece |
||
| 260 |
_aNew York : _bScholastic , _c1995 . |
||
| 300 |
_a64 pages : _bcolor illustrations , maps ; _c25 cm . |
||
| 490 | _aReal Tales | ||
| 520 | _aFrom convicts in Alcatraz to prisoners in Colditz Castle, Tales of real escape celebrates the cunning, determination and courage of the would-be escaper. | ||
| 650 |
_acrime _vnon-fiction |
||
| 700 |
_aRoss, Peter _eillustrator |
||
| 700 |
_aJackson, Tony _eillustrator |
||
| 942 |
_2ddc _cBK _n0 |
||
| 999 |
_c5848 _d5848 |
||